00541nam a22001697a 450000500170000001000150001702000260003203500140005803700130007208200150008524500710010026000260017127000920019730000270028950000360031670000190035220180503101426.0 aENG-122749 a9789380574240c895.00 aEN-106281 bDBAD/PUB a307.760954 aUrban development and sustainable transport /ced. by P. Anbalagan aDelhibBookwellc2011 a3/79, Nirankari Colony, bDelhie110009k011-27601283, 27604536mbkwell@nde.vsnl.net.in a324p.c21cm.(Hb)bill. aIt include references and index dAnbalagan, P.